|
|
|
|
| LEADER |
00000cam a2200000 7i4500 |
| 001 |
0000006345 |
| 002 |
000006852 |
| 005 |
20000330.0 |
| 020 |
|
|
|a T000000554
|
| 060 |
0 |
0 |
|a Kuala Lumpur
|b DBP
|c 1987
|
| 090 |
0 |
0 |
|a JF
|b ARI
|
| 100 |
0 |
|
|a Aripin Said
|
| 245 |
1 |
0 |
|a Anak jalan melati
|c Aripin Said
|
| 300 |
|
|
|a 158p. :
|b ill. ;
|c 18cm.
|
| 650 |
0 |
0 |
|a Children's stories, Malay
|
| 999 |
|
|
|a 0001563
|b BUKU
|c PINJAMAN
|e PERPUSTAKAAN KOMUNITI PETALING JAYA
|
| 999 |
|
|
|a 039415
|b BUKU
|c JUNIOR FICTION
|e PERPUSTAKAAN KOMUNITI PETALING JAYA
|
| 999 |
|
|
|a 039416
|b BUKU
|c PINJAMAN
|e PERPUSTAKAAN KOMUNITI PETALING JAYA
|